ՀՀ Գիտությունների ազգային ակադեմիայի հիմնարար գիտական գրադարան  =   Fundamental Scientific Library of NAS RA

Պիեսներ / (Record no. 93504)

MARC details
000 -LEADER
fixed length control field 00892nam a2200229 u 4500
001 - CONTROL NUMBER
control field 000259033
003 - CONTROL NUMBER IDENTIFIER
control field AM-YEHGA
005 - DATE AND TIME OF LATEST TRANSACTION
control field 20250618071733.0
008 - FIXED-LENGTH DATA ELEMENTS--GENERAL INFORMATION
fixed length control field 030908s1956 ai r 000 0 arm d
040 ## - CATALOGING SOURCE
Original cataloging agency AM-YeHGA
041 0# - LANGUAGE CODE
Language code of text/sound track or separate title arm
090 ## - LOCALLY ASSIGNED LC-TYPE CALL NUMBER (OCLC); LOCAL CALL NUMBER (RLIN)
-- 94804
100 1# - MAIN ENTRY--PERSONAL NAME
Personal name Քոչարյան, Մելիք Թադևոսի,
Dates associated with a name 1911-1992
9 (RLIN) 1302
245 10 - TITLE STATEMENT
Title Պիեսներ /
Statement of responsibility, etc. Մ. Քոչարյան; Խմբ.՝ Հ. Գալստյան; Նկ.՝ Վ. Կաժոյան.
260 ## - PUBLICATION, DISTRIBUTION, ETC.
Place of publication, distribution, etc. Երևան :
Name of publisher, distributor, etc. Հայպետհրատ,
Date of publication, distribution, etc. 1956.
300 ## - PHYSICAL DESCRIPTION
Extent 334 էջ :
Other physical details 1 թ. դիմանկ. ;
Dimensions 21 սմ.
505 2# - FORMATTED CONTENTS NOTE
Formatted contents note Հարազատ մարդիկ; Հին հիվանդություն; Ջումշուդ Վարանդացի; Սամվել
650 14 - SUBJECT ADDED ENTRY--TOPICAL TERM
Topical term or geographic name entry element Հայ գրականություն
General subdivision Թատերգություն
700 1# - ADDED ENTRY--PERSONAL NAME
Personal name Գալստյան, Հ.
Relator term խմբ.
Relationship edt
700 1# - ADDED ENTRY--PERSONAL NAME
Personal name Կաժոյան, Վ.
Relator term նկ.
Relationship art
942 ## - ADDED ENTRY ELEMENTS (KOHA)
Source of classification or shelving scheme Universal Decimal Classification
Koha item type Գրքեր / Books
Holdings
Withdrawn status Lost status Damaged status Not for loan Collection Home library Current library Date acquired Total checkouts Full call number Barcode Date last seen Price effective from Koha item type Public note
        General Fundamental Scientific Library Fundamental Scientific Library 22/12/2016   AII/30249 220030249 22/12/2016 22/12/2016 Գրքեր / Books 30 Days Loan
        General Fundamental Scientific Library Fundamental Scientific Library 22/12/2016   AII/30250 220030250 22/12/2016 22/12/2016 Գրքեր / Books 30 Days Loan
        Kusikian Individual Collection Fundamental Scientific Library Fundamental Scientific Library 04/06/2021   Կուս/3058 FL0647810 04/06/2021 04/06/2021 Գրքեր / Books ILL Non Circ


ՀՀ ԳԱԱ հիմնարար գիտական գրադարան
ՀՀ,Երևան 0019
Մարշալ Բաղրամյան 24/6
հեռախոս:(374-10) 52-47-50
Հետադարձ կապ

All site content, except where otherwise noted, is licensed under a
Creative Commons License